000 00831cam a22002415a 4500
001 E152911
008 110516s2010 xxko f 000 0 eng d
020 _a9781848061323
035 _a(Sirsi) u152911
041 0 _aeng
050 0 4 _a333.72 $2 18
100 1 _aGriffiths, Will
245 0 0 _aSAP for beginners
_ban introductory guide for building professionals
260 _aWatford
_bBRE
_c2010
300 _a16p.
_bill.
_c30cm.
490 0 _aBRE Information Paper
_v(10/10)
520 _aLooks at the Standard Assessment Procedure (SAP), which has been developed by BRE for calculating the energy performance of buildings. Includes references.
521 _aAdvanced
590 _aKA
651 4 _aUnited Kingdom
_y
690 _aENVIRONMENTAL AND LAND CONSULTANCY-ENERGY-ENERGY USE-ENERGY USE ASSESSMENT
942 _n0
999 _c112258
_d112258